Normal view
MARC view
Entry Personal Name
001 - CONTROL NUMBER
- control field: 4070
003 - CONTROL NUMBER IDENTIFIER
- control field: BD-RjUL
005 - DATE AND TIME OF LATEST TRANSACTION
- control field: 20220721125817.0
008 - FIXED-LENGTH DATA ELEMENTS
- fixed length control field: 220721|| aca||aabn | a|a d
040 ## - CATALOGING SOURCE
- Original cataloging agency: BD-RjUL
- Transcribing agency: BD-RjUL
100 ## - HEADING--PERSONAL NAME
- Titles and other words associated with a name: Rural women -- Bangladesh -- Social conditions. Rural women -- Bangladesh -- Social conditions -- Case studies. Divorced women -- Bangladesh -- Social conditions.
- Dates associated with a name: Poor women -- Services for -- Bangladesh. Welfare recipients -- Bangladesh.
- General subdivision: Non-governmental organizations -- Bangladesh----Rajshahi District
670 ## - SOURCE DATA FOUND
- Source citation: Work cat.: (BD-RjUL)79601: Sultana, Nahid 1987, The role of NGOs in increasing awareness among vulnerable women in Bangladesh :, 2005